| 000 | 00884am a2200313a 44500 | ||
|---|---|---|---|
| 003 | AR-BaBNM | ||
| 005 | 20251128211210.0 | ||
| 008 | 063020s1999 #AR|||||||||||000 | spa|| | ||
| 020 | _a950-39-0111-1 | ||
| 040 | _cAR-BaBNM | ||
| 100 | 1 | _aBocco, Adriana | |
| 245 | 1 | 0 |
_aMendoza: agricultura y ruralidad _breflejos en la estructura social y agraria del oasis rural de San Carlos |
| 250 | _a1ª ed. | ||
| 260 |
_aMendoza _bUniversidad Nacional de Cuyo _c1999 |
||
| 300 |
_a157 p. _btablas., gráfs., mapas |
||
| 650 | 4 | _aAGRICULTURA | |
| 650 | 4 | _aCULTIVOS | |
| 650 | 4 | _aECONOMIA | |
| 650 | 4 | _aDESARROLLO ECONOMICO Y SOCIAL | |
| 650 | 4 | _aPOLITICA AGRARIA | |
| 650 | 4 | _aPRODUCCION AGRICOLA | |
| 650 | 4 | _aESTRUCTURA SOCIAL | |
| 651 | 4 | _aArgentina | |
| 651 | 4 | _aMendoza | |
| 700 | 1 | _aMartín, Clara | |
| 700 | 1 | _aPannunzio, María | |
| 942 | _cBK | ||
| 998 | _cMariana | ||
| 999 |
_c18675 _d18675 |
||